ბათუმის შოთა რუსთაველის სახელმწიფო უნივერსიტეტის ბიბლიოთეკა

Samii's Essentials in Neurosurgery / (ბიბ.ჩანაწერი № 61848)

000 -LEADER
fixed length control field 00763nam a22002057a 4500
005 - DATE AND TIME OF LATEST TRANSACTION
control field 20240527122457.0
008 - FIXED-LENGTH DATA ELEMENTS--GENERAL INFORMATION
fixed length control field 240527s2008 enk||||| |||| 00| 0 eng d
020 ## - INTERNATIONAL STANDARD BOOK NUMBER
International Standard Book Number 9783540492498x
041 ## - LANGUAGE CODE
Language code of text/sound track or separate title eng
080 ## - UNIVERSAL DECIMAL CLASSIFICATION NUMBER
Universal Decimal Classification number 616-8 S-19
245 ## - TITLE STATEMENT
Title Samii's Essentials in Neurosurgery /
Statement of responsibility, etc. Editor Ricardo Ramina, Paulo Henrique Pires Aguiar, Marcos Tatagiba.
264 ## - PRODUCTION, PUBLICATION, DISTRIBUTION, MANUFACTURE, AND COPYRIGHT NOTICE
Place of production, publication, distribution, manufacture New York :
Name of producer, publisher, distributor, manufacturer Springer,
Date of production, publication, distribution, manufacture, or copyright notice 2008.
300 ## - PHYSICAL DESCRIPTION
Extent 76 p.
Other physical details ill.;
Dimensions 28 cm.
653 ## - INDEX TERM--UNCONTROLLED
keyword ნეიროქირურგია
653 ## - INDEX TERM--UNCONTROLLED
keyword მედიცინა
700 ## - ADDED ENTRY--PERSONAL NAME
Personal name Ramina, Ricardo
Relator term რედაქტორი
9 (RLIN) 22186
700 ## - ADDED ENTRY--PERSONAL NAME
Personal name Henrique Pires Aguiar, Paulo
Relator term რედაქტორი
9 (RLIN) 22187
700 ## - ADDED ENTRY--PERSONAL NAME
Personal name Tatagiba, Marcos
Relator term რედაქტორი
9 (RLIN) 22188
942 ## - ADDED ENTRY ELEMENTS (KOHA)
Source of classification or shelving scheme
Koha item type წიგნი
ეგზემპლარები
Withdrawn status Lost status Source of classification or shelving scheme Damaged status Not for loan Permanent Location Current Location Shelving location Date acquired Cost, normal purchase price Full call number Barcode Date last seen Copy number Price effective from Koha item type Public note
          ბათუმის შოთა რუსთაველის სახელმწიფო უნივერსიტეტის მთავარი ბიბლიოთეკა ბათუმის შოთა რუსთაველის სახელმწიფო უნივერსიტეტის მთავარი ბიბლიოთეკა წიგნსაცავი 2024-05-27 473.00 616-8 S-19 67995 2024-05-27 67995 2024-05-27 წიგნი 473 ლ.